000 01061cam a2200325 a 4500
001 9131540
003 EG-ScBUE
005 20250217094658.0
008 100115s2009 ua f b 001 0beng d
020 _a9789774163319
040 _aUKM
_beng
_erda
_cUKM
_dC#P
_dBWX
_dBWK
_dYDXCP
_dCtY
_dEG-ScBUE
082 0 4 _a297.8092
_222
_bSED
100 1 _aSedgwick, Mark J.,
_eauthor.
245 1 0 _aMuhammad Abduh :
_ba biography /
_cMark Sedgwick.
264 1 _aCairo :
_bThe American University in Cairo Press,
_c2009.
300 _axiii, 156 pages ;
_c23 cm
336 _2rdacontent
_atext
_btxt
337 _2rdamedia
_aunmediated
_bn
338 _2rdacarrier
_avolume
_bnc
504 _aIncludes bibliographical references and index.
600 0 7 _aMuḥammad ʻAbduh,
_d1849-1905.
650 7 _aMuslims
_zEgypt
_vBiography.
_2BUEsh
650 7 _aIslamic modernism.
_2BUEsh
650 7 _aIslamic renewal.
_2BUEsh
650 7 _aIslam and politics.
_2BUEsh
653 _cFebruary2025
_bMASPPSS
655 _vReading book
942 _2ddc
_cBB
999 _c30896
_d30867